| 000 | 00877cab a2200241 4500 | ||
|---|---|---|---|
| 001 | ABS49983 | ||
| 008 | 090401t1993 xxu||||| |||| 00| 0 eng d | ||
| 035 | _a(Sirsi) u73538 | ||
| 041 | _aeng | ||
| 100 | _aWordsworth, P. | ||
| 245 | _aInformation needs and information technology in management | ||
| 260 | _c1993 | ||
| 350 | _a0 | ||
| 490 |
_aProperty Management _v11(4) Autumn 1993, 288-292(5) |
||
| 520 | _aArgues that information needs in property management must be examined in detail before new information technology solutions are advocated or adopted. Illustrated with examples. | ||
| 650 | _aMANAGEMENT-BUSINESS MANAGEMENT-INFORMATION MANAGEMENT | ||
| 650 | _aPROPERTY INFORMATION | ||
| 650 |
_aProperty management _96262 |
||
| 690 | _aMANAGEMENT-BUSINESS MANAGEMENT-INFORMATION MANAGEMENT | ||
| 700 | _aBoughey, J. | ||
| 942 | _n0 | ||
| 948 | _c04/03/1997 | ||
| 999 |
_c46472 _d46472 |
||